00627nam a2200157 a 450000100100000000500170001000800410002704000250006824500850009326000420017830000210022050400320024171000740027395201050034799900170045200004446420260219150429.0140702s1998 dr ac 000 0 spa d aDO-SdBNPbspacBNPHU00aGobierno Dominicna :bPlan nacional de alimentación y nutrición 1998-2005 /. aSanto Domingo :bAlfa y Omega,c1998. a289 p. ;c29 cm. aBibliografía : p. 281-283 aSecretaría de Estado de Agricultura (República Dominicana)935364 0010718PDaPDbPDcCTd2014-07-02iLF1l0o p44464-10r2020-06-25w2020-06-25yLFPDZNo se presta c43953d43953